[Event "68th ch-RUS HL w 2018"]
[Site "Yaroslavl RUS"]
[Date "2018.07.05"]
[Round "9.6"]
[White "Vasilevich, Tatjana"]
[Black "Voit, Daria"]
[Result "0-1"]
[WhiteTitle "IM"]
[BlackTitle "FM"]
[WhiteElo "2360"]
[BlackElo "2380"]
[WhiteFideId "14101610"]
[BlackFideId "4182146"]
[EventDate "2018.06.26"]

1. Nf3 c5 2. c4 Nc6 3. d4 cxd4 4. Nxd4 Nf6 5. Nc3 e6 6. a3 Bc5 7. Nb3 Be7 8. e4
d6 9. Be2 a6 10. O-O O-O 11. Be3 b6 12. Rc1 Bb7 13. f4 Rc8 14. Bf3 Nd7 15. Rf2
Nc5 16. Na1 e5 17. Rd2 exf4 18. Bxf4 Bg5 19. Rxd6 Bxf4 20. Rxd8 Rcxd8 21. Nd5
Bxc1 22. Qxc1 Rfe8 23. Qf4 Ne5 24. b4 Ncd3 25. Qd2 b5 26. Nc2 bxc4 27. Nce3 Nf4
28. Bd1 Bxd5 29. exd5 Ned3 30. g3 c3 31. Qxc3 Rxe3 32. gxf4 Re1+ 33. Kg2 Rxd1
34. Qc7 Ne1+ 35. Kf2 R8xd5 36. Qc8+ Rd8 37. Qxa6 Nc2 38. b5 R1d2+ 39. Kf3 R2d3+
40. Kg4 Rxa3 41. Qc6 Ne3+ 42. Kh4 Nf5+ 43. Kg5 g6 44. Qc7 h6+ 45. Kg4 Rdd3 46.
Qb8+ Kh7 47. Qc7 Rg3+ 0-1

[Event "68th ch-RUS HL w 2018"]
[Site "Yaroslavl RUS"]
[Date "2018.07.05"]
[Round "9.7"]
[White "Belenkaya, Dina"]
[Black "Shuvalova, Polina"]
[Result "0-1"]
[WhiteTitle "WGM"]
[BlackTitle "WIM"]
[WhiteElo "2308"]
[BlackElo "2418"]
[WhiteFideId "24142654"]
[BlackFideId "24171760"]
[EventDate "2018.06.26"]

1. e4 c5 2. Nf3 Nc6 3. Bb5 g6 4. O-O Bg7 5. Nc3 Nf6 6. e5 Ng4 7. Bxc6 dxc6 8.
Re1 O-O 9. d3 Nh6 10. Ne4 b6 11. Ng3 Nf5 12. Nxf5 Bxf5 13. Qe2 Bg4 14. h3 Bxf3
15. Qxf3 Qd5 16. Qe2 Rad8 17. b3 f6 18. Bb2 f5 19. a4 f4 20. f3 Qe6 21. Qe4 a5
22. Qc4 Rd5 23. Re4 g5 24. Rae1 Qc8 25. Ba3 Qb7 26. Qc3 Rf5 27. R1e2 e6 28. Qe1
Qc7 29. Bb2 Qd7 30. Rd2 Qd8 31. Qa1 Rf7 32. Qd1 Rfd7 33. Kf1 h5 34. Ke2 h4 35.
c4 Rd4 36. Bxd4 cxd4 37. c5 bxc5 38. Kf1 Rb7 39. Rb2 Qd5 40. Re1 Kf7 41. Qe2 Rb8
42. Qe4 Qxe4 43. Rxe4 Kg6 44. Ke1 Kf5 45. Kd1 Rb7 46. Kc1 Rb8 47. Kc2 Bxe5 48.
Kb1 Bd6 49. Re1 e5 50. Rc1 Ke6 51. Kc2 Kd5 52. Re1 Rb7 53. Re4 Rf7 54. Kd2 Rb7
55. Ke1 Rb8 56. Kf1 Ke6 57. Ke1 c4 58. dxc4 d3 59. Kd2 Rd8 60. Kd1 Bb4 61. Rb1
c5 62. Ra1 Rb8 63. Rc1 Kf5 64. Ra1 Bc3 65. Rb1 Rb7 66. Kc1 Rh7 67. Kd1 Rb7 68.
Kc1 Rh7 69. Kd1 g4 70. hxg4+ Kf6 71. Rc1 Bb4 72. g5+ Kf5 73. g6 Rg7 74. Ra1 Rxg6
75. Ra2 h3 76. Rf2 hxg2 0-1

[Event "68th ch-RUS HL w 2018"]
[Site "Yaroslavl RUS"]
[Date "2018.07.05"]
[Round "9.8"]
[White "Shafigullina, Zarina"]
[Black "Kovanova, Baira"]
[Result "1/2-1/2"]
[WhiteTitle "WFM"]
[BlackTitle "WGM"]
[WhiteElo "2191"]
[BlackElo "2369"]
[WhiteFideId "24174220"]
[BlackFideId "4164083"]
[EventDate "2018.06.26"]

1. Nf3 Nf6 2. g3 c5 3. Bg2 d5 4. O-O Nc6 5. d4 e6 6. c4 dxc4 7. Qa4 Bd7 8. Qxc4
b5 9. Qd3 Rc8 10. dxc5 Bxc5 11. Nc3 b4 12. Ne4 Nxe4 13. Qxe4 Qb6 14. Bf4 f5 15.
Qd3 Ne7 16. Ne5 Bb5 17. Qf3 O-O 18. Rfd1 Bd4 19. Rd2 Rfd8 20. Rad1 Nc6 21. Nd3
Bc4 22. Bg5 Rf8 23. e3 h6 24. exd4 hxg5 25. b3 Bd5 26. Qe3 Qxd4 27. Qxg5 Bxg2
28. Nf4 Qc3 29. Kxg2 Ne5 30. Ng6 Qf3+ 31. Kf1 Qh1+ 32. Ke2 Qe4+ 33. Kf1 Qh1+ 34.
Ke2 Qe4+ 35. Kf1 Qh1+ 36. Ke2 Qf3+ 37. Kf1 Nxg6 38. Qxg6 Qh1+ 39. Ke2 Qe4+ 40.
Kf1 Qh1+ 41. Ke2 Qc6 42. Kf1 Rf6 43. Rd8+ Rxd8 44. Rxd8+ Rf8 45. Rxf8+ Kxf8 46.
Kg1 a5 47. Qg5 Qd5 48. Qf4 Kg8 49. Qc7 Kh7 50. Qf7 Qd1+ 51. Kg2 Qe2 52. h4 Qe4+
53. Kg1 Qe1+ 1/2-1/2

[Event "68th ch-RUS HL w 2018"]
[Site "Yaroslavl RUS"]
[Date "2018.07.05"]
[Round "9.9"]
[White "Ovod, Evgenija"]
[Black "Semenova, Elena1"]
[Result "1-0"]
[WhiteTitle "IM"]
[BlackTitle "WIM"]
[WhiteElo "2360"]
[BlackElo "2238"]
[WhiteFideId "4131827"]
[BlackFideId "24125148"]
[EventDate "2018.06.26"]

1. e4 e5 2. Nf3 Nf6 3. Nxe5 d6 4. Nf3 Nxe4 5. Nc3 Nxc3 6. dxc3 Be7 7. Be3 Nc6 8.
Qd2 Be6 9. O-O-O Qd7 10. a3 a6 11. Ng5 Bxg5 12. Bxg5 f6 13. Bf4 O-O-O 14. c4
Rhe8 15. h4 h5 16. Qc3 Qf7 17. b3 Bf5 18. Kb2 Ne5 19. f3 Nd7 20. a4 Nc5 21. a5
Re7 22. Bg3 Rde8 23. Bf2 Qg6 24. Rd2 Qh6 25. Ka3 Bd7 26. Rd1 Qg6 27. b4 Ne6 28.
Rd2 Nf4 29. c5 d5 30. c6 Bxc6 31. Bxa6 f5 32. Bf1 Bd7 33. Qd4 Ne2 34. Qa7 Qa6
35. Qxa6 bxa6 36. Rxd5 g6 37. Kb2 Bb5 38. g3 Bc6 39. Rd3 Bb5 40. Rd2 Rd7 41.
Rxd7 Kxd7 42. Bh3 Kc6 43. Kb3 Kb7 44. Rd1 Bc6 45. f4 Bf3 46. Rd2 Kc6 47. Bf1
Nc1+ 48. Kb2 Ne2 49. c4 Re4 50. Rd3 Bh1 51. Kc2 Rxc4+ 52. Kd2 Nc1 53. Ra3 Rxb4
54. Kxc1 Be4 55. Bxa6 1-0

[Event "68th ch-RUS HL w 2018"]
[Site "Yaroslavl RUS"]
[Date "2018.07.05"]
[Round "9.10"]
[White "Schepetkova, Margarita"]
[Black "Potapova, Margarita"]
[Result "1-0"]
[WhiteTitle "WIM"]
[BlackTitle "WFM"]
[WhiteElo "2244"]
[BlackElo "2302"]
[WhiteFideId "4189949"]
[BlackFideId "14126869"]
[EventDate "2018.06.26"]

1. d4 Nf6 2. c4 g6 3. Nc3 d5 4. Nf3 Bg7 5. Bg5 O-O 6. Bxf6 Bxf6 7. cxd5 c6 8.
dxc6 Nxc6 9. e3 Qa5 10. Nd2 Qd8 11. Be2 Bg7 12. O-O f5 13. f4 b6 14. Nf3 Bb7 15.
Ng5 Qd6 16. Qb3+ Kh8 17. Nf7+ Rxf7 18. Qxf7 Na5 19. a3 Rc8 20. Qa2 g5 21. fxg5
e5 22. Nb5 Qe7 23. Bf3 Ba6 24. a4 e4 25. Be2 Rc2 26. Rae1 Bxb5 27. axb5 Qxg5 28.
Qe6 h6 29. Kh1 Nc4 30. Rxf5 Qxe3 31. Ref1 Nd6 32. Rf8+ Kh7 33. Qg8+ Kg6 34.
R8f6+ 1-0

[Event "68th ch-RUS HL w 2018"]
[Site "Yaroslavl RUS"]
[Date "2018.07.05"]
[Round "9.11"]
[White "Maltsevskaya, Aleksandra"]
[Black "Baraeva, Marina"]
[Result "0-1"]
[BlackTitle "WIM"]
[WhiteElo "2279"]
[BlackElo "2210"]
[WhiteFideId "24174041"]
[BlackFideId "24142573"]
[EventDate "2018.06.26"]

1. c4 c6 2. Nf3 d5 3. d4 Nf6 4. Nc3 dxc4 5. g3 Bf5 6. Bg2 Nbd7 7. O-O e6 8. a4
Bb4 9. Nd2 O-O 10. Nxc4 a5 11. Re1 Bg6 12. e4 Re8 13. Qe2 e5 14. dxe5 Nxe5 15.
Nxe5 Rxe5 16. Bf4 Re8 17. e5 Nd7 18. Rad1 Qe7 19. h4 Nc5 20. Bh3 h6 21. h5 Bh7
22. Qc4 Rad8 23. Rxd8 Qxd8 24. Rd1 Bd3 25. Qa2 Qe7 26. Qa1 Bc2 27. Rd2 Nb3 28.
Qe1 Nxd2 29. Qxd2 Bxa4 30. Bf5 Rd8 31. Qe3 Bxc3 32. bxc3 Kf8 33. e6 fxe6 34. Bg6
Bb3 35. Be5 Kg8 36. Bd3 Qd7 37. Bd4 c5 38. Qe4 cxd4 39. Qh7+ Kf8 40. c4 Qf7 41.
g4 Bd1 42. Qe4 Qf3 0-1

[Event "68th ch-RUS HL w 2018"]
[Site "Yaroslavl RUS"]
[Date "2018.07.05"]
[Round "9.12"]
[White "Solozhenkina, Elizaveta"]
[Black "Getman, Tatyana"]
[Result "1/2-1/2"]
[WhiteTitle "WIM"]
[BlackTitle "WFM"]
[WhiteElo "2258"]
[BlackElo "2146"]
[WhiteFideId "34106615"]
[BlackFideId "34166146"]
[EventDate "2018.06.26"]

1. Nf3 Nf6 2. g3 g6 3. Bg2 Bg7 4. d4 d5 5. O-O O-O 6. c3 c6 7. Re1 Nbd7 8. Bf4
Qb6 9. Qb3 Ne4 10. Qxb6 axb6 11. Bc7 b5 12. Nfd2 Nd6 13. e4 Nxe4 14. Nxe4 dxe4
15. Rxe4 Re8 16. Nd2 Nf6 17. Ree1 Be6 18. a3 Nd5 19. Bxd5 Bxd5 20. Rad1 Rac8 21.
Bf4 b6 22. Ne4 h6 23. g4 Red8 24. Rd3 g5 25. Bg3 Be6 26. f4 gxf4 27. Bxf4 c5 28.
Rh3 cxd4 29. Bxh6 Bxh6 30. Rxh6 d3 31. Nd2 Rc5 32. Rh3 Rg5 33. Re4 Rgd5 34. Kf2
R5d7 35. Ke3 Bc4 36. g5 Kg7 37. Reh4 Rg8 38. Rg3 Rgd8 39. Re4 Kg6 40. h4 Kh5 41.
Rg1 Bd5 42. Re5 Kg6 43. Kf2 Rh8 44. Rg4 Rhd8 45. Rf4 f6 46. h5+ Kg7 47. h6+ Kg6
48. gxf6 exf6 49. Re3 Bc4 50. Rg3+ Kh7 51. Re3 Kxh6 52. Rg3 Rd5 53. Rxf6+ Kh7
54. Rf7+ Kh8 55. Rh3+ Kg8 56. Rff3 Rg5 57. Rhg3 Rxg3 58. Rxg3+ Kf7 59. b3 Bxb3
60. Nxb3 d2 61. Nxd2 1/2-1/2

[Event "68th ch-RUS HL w 2018"]
[Site "Yaroslavl RUS"]
[Date "2018.07.05"]
[Round "9.13"]
[White "Yakimenko, Viktoria"]
[Black "Paramzina, Anastasya"]
[Result "0-1"]
[WhiteTitle "WFM"]
[BlackTitle "WGM"]
[WhiteElo "2078"]
[BlackElo "2255"]
[WhiteFideId "24174998"]
[BlackFideId "4165012"]
[EventDate "2018.06.26"]

1. e4 c5 2. Nf3 d6 3. d4 Nf6 4. Nc3 cxd4 5. Nxd4 a6 6. a3 e6 7. g4 h6 8. h4 b5
9. Bg2 Nfd7 10. f4 Bb7 11. Nde2 Nc6 12. Be3 Rc8 13. Kf2 Nb6 14. b3 Be7 15. g5 e5
16. f5 Nd4 17. Qd2 Nxe2 18. Kxe2 Qc7 19. Na2 h5 20. Raf1 Nc4 21. Qd3 Nxe3 22.
Kxe3 d5 23. exd5 Qxc2 24. Be4 Bc5+ 25. Kf3 Qxa2 26. f6 gxf6 27. Bg6 Bd4 28.
Bxf7+ Kxf7 29. Kg3 Rc3 30. Rxf6+ Ke7 31. d6+ Kd8 0-1

[Event "68th ch-RUS HL w 2018"]
[Site "Yaroslavl RUS"]
[Date "2018.07.05"]
[Round "9.14"]
[White "Savina, Anastasia"]
[Black "Afonasieva, Anna"]
[Result "1-0"]
[WhiteTitle "IM"]
[BlackTitle "WFM"]
[WhiteElo "2343"]
[BlackElo "2217"]
[WhiteFideId "4196872"]
[BlackFideId "24173606"]
[EventDate "2018.06.26"]

1. c4 c6 2. Nf3 Nf6 3. Nc3 d5 4. e3 e6 5. Rg1 dxc4 6. Bxc4 b5 7. Be2 a6 8. g4
Bb7 9. g5 Nd5 10. Nxd5 Qxd5 11. a4 Nd7 12. b3 Nc5 13. d4 Ne4 14. Qc2 Bb4+ 15.
Kf1 Qf5 16. Ra2 c5 17. Rg2 O-O 18. dxc5 Rac8 19. Nd4 Qd5 20. Bf3 Rxc5 21. Qd1 e5
22. Rg4 exd4 23. Bxe4 Qd7 24. Bxb7 Qxb7 25. exd4 Rd8 26. Be3 Rc3 27. axb5 axb5
28. Kg1 Qd5 29. Rb2 Ra8 30. h4 g6 31. Rg3 Ra3 32. Qf3 Qxf3 33. Rxf3 Raxb3 34.
Rxb3 Rxb3 35. Rf6 Kf8 36. Rb6 Ba3 37. Kg2 Ke7 38. Kf3 Bd6 39. Ke4 Bc7 40. Rb7
Kd8 41. Bf4 Bxf4 42. Kxf4 Rh3 43. Ke5 Rxh4 44. d5 b4 45. f4 h6 46. gxh6 Rxh6 47.
Rxb4 Rh5+ 48. Kd6 Kc8 49. Rc4+ Kb8 50. Re4 Rh1 51. Re8+ Kb7 52. Re7+ Kc8 53.
Rxf7 Ra1 54. Rf8+ Kb7 55. Kd7 Rf1 56. Rf6 Rd1 57. d6 Rd4 58. Ke7 Kc6 59. Rxg6 1-0

[Event "68th ch-RUS HL w 2018"]
[Site "Yaroslavl RUS"]
[Date "2018.07.05"]
[Round "9.15"]
[White "Vinokur, Yuliya"]
[Black "Goltseva, Ekaterina"]
[Result "1-0"]
[WhiteTitle "WFM"]
[BlackTitle "WFM"]
[WhiteElo "2131"]
[BlackElo "2260"]
[WhiteFideId "34127515"]
[BlackFideId "24173770"]
[EventDate "2018.06.26"]

1. Nf3 d5 2. c4 dxc4 3. Na3 a6 4. Nxc4 b5 5. Nce5 f6 6. Nd3 e5 7. e4 Bd6 8. Nh4
Ne7 9. Qh5+ g6 10. Qh6 Kf7 11. Be2 Nbc6 12. Nf3 Na5 13. b3 c5 14. Bb2 Qf8 15.
Qe3 Nec6 16. O-O Qe7 17. Ba3 Nd4 18. Nxd4 exd4 19. Qh6 Bb7 20. Bf3 Rac8 21. Rae1
Qf8 22. Qh3 b4 23. Bb2 Re8 24. e5 Bc8 25. e6+ Kg7 26. Bd5 Rd8 27. Qf3 Qe7 28.
Qe4 Rhe8 29. f4 Bb8 30. Bc6 Nxc6 31. Qxc6 Bd6 32. Qf3 Qc7 33. f5 Bxh2+ 34. Kh1
g5 35. Nxc5 Be5 36. Rc1 Qb6 37. d3 Bb8 38. Qg4 h5 39. Qe4 Qd6 40. g3 Qxg3 41.
Rc2 Qd6 42. Qg2 Qe5 43. Bc1 Kf8 44. Bf4 Qxf4 45. Rxf4 Bxf4 46. Qf3 Re7 47. Qxh5
Kg8 48. Qg6+ Rg7 49. e7 Rf8 50. exf8=Q+ Kxf8 51. Qxf6+ 1-0

[Event "68th ch-RUS HL w 2018"]
[Site "Yaroslavl RUS"]
[Date "2018.07.05"]
[Round "9.16"]
[White "Diakonova, Ekaterina"]
[Black "Garifullina, Leya"]
[Result "1-0"]
[BlackTitle "WCM"]
[WhiteElo "2212"]
[BlackElo "2131"]
[WhiteFideId "24172936"]
[BlackFideId "34127035"]
[EventDate "2018.06.26"]

1. e4 c5 2. Nf3 e6 3. d4 cxd4 4. Nxd4 Nf6 5. Nc3 d6 6. g3 a6 7. a4 b6 8. Bg2 Bb7
9. O-O Qc7 10. f4 Be7 11. g4 Nc6 12. Nb3 Nd7 13. g5 Nc5 14. f5 O-O-O 15. f6 gxf6
16. gxf6 Bf8 17. Nd4 Rg8 18. Kh1 Nb4 19. Qe2 Nd7 20. Be3 Kb8 21. a5 Rg6 22. axb6
Nxb6 23. Na4 Nc4 24. Bg1 Bh6 25. Nf3 Rdg8 26. Nh4 Rg4 27. Bf2 Nd2 28. Nc3 Nxf1
29. Rxf1 Bf4 30. h3 R4g5 31. Bg1 Bg3 32. Nf3 R5g6 33. Qe3 Nc6 34. Na4 Be5 35.
Nxe5 dxe5 36. Qd3 Nd4 37. Bf3 Rg3 38. Bh2 Rxh3 39. c3 Nxf3 40. Rxf3 Rxf3 41.
Qxf3 Qc4 42. Bxe5+ Ka7 43. Qe3+ 1-0

[Event "68th ch-RUS HL w 2018"]
[Site "Yaroslavl RUS"]
[Date "2018.07.05"]
[Round "9.17"]
[White "Khokhlova, Daria"]
[Black "Bocharova, Ulyana"]
[Result "1-0"]
[WhiteElo "2198"]
[BlackElo "1874"]
[WhiteFideId "24182729"]
[BlackFideId "24174513"]
[EventDate "2018.06.26"]

1. d4 d5 2. Nf3 Nf6 3. e3 Bf5 4. c4 c6 5. Nc3 e6 6. Nh4 Bg6 7. Qb3 Qb6 8. Nxg6
Qxb3 9. axb3 hxg6 10. Be2 Bd6 11. g3 Nbd7 12. Bd2 Ke7 13. O-O-O Rac8 14. Kb1
Rhd8 15. f3 Kf8 16. cxd5 exd5 17. e4 dxe4 18. fxe4 Bb4 19. e5 Nd5 20. Rhf1 N7b6
21. Bf3 Be7 22. Bg4 Rc7 23. Be6 f6 24. Ne4 Re8 25. Ng5 Bd8 26. Ba5 Ke7 27. exf6+
gxf6 28. Bf7 Rh8 29. Rde1+ Kd6 30. Ne4+ Kd7 31. Bxg6 Be7 32. Bf5+ Kd8 33. Nc5 1-0

[Event "68th ch-RUS HL w 2018"]
[Site "Yaroslavl RUS"]
[Date "2018.07.05"]
[Round "9.18"]
[White "Legenko, Ksenia"]
[Black "Sukhareva, Evgeniya"]
[Result "0-1"]
[WhiteTitle "WFM"]
[WhiteElo "2079"]
[BlackElo "2234"]
[WhiteFideId "4192265"]
[BlackFideId "4167155"]
[EventDate "2018.06.26"]

1. d4 Nf6 2. c4 e6 3. Nf3 d5 4. g3 c6 5. Bg2 Be7 6. O-O O-O 7. Nbd2 b6 8. Qc2
Bb7 9. e4 Na6 10. a3 Rc8 11. b4 c5 12. exd5 exd5 13. b5 Nc7 14. Bb2 dxc4 15.
Qxc4 Bd5 16. Qa4 a6 17. bxa6 b5 18. Qa5 c4 19. Bc3 Ra8 20. a7 Qc8 21. a4 Bc6 22.
Rfb1 Bd8 23. axb5 Nxb5 24. Qb4 Nd5 25. Qxc4 Ndxc3 26. Rc1 Bb7 27. Qd3 Rxa7 28.
Rxa7 Ne2+ 29. Qxe2 Qxc1+ 30. Qe1 Qxe1+ 31. Nxe1 Bxg2 32. Ra4 Bd5 33. Nd3 Nc3 34.
Ra3 Ne2+ 0-1

[Event "68th ch-RUS HL w 2018"]
[Site "Yaroslavl RUS"]
[Date "2018.07.05"]
[Round "9.19"]
[White "Kochukova, Anna"]
[Black "Lingur, Zalina"]
[Result "1/2-1/2"]
[WhiteTitle "WFM"]
[BlackTitle "WFM"]
[WhiteElo "2170"]
[BlackElo "2101"]
[WhiteFideId "24173932"]
[BlackFideId "34165670"]
[EventDate "2018.06.26"]

1. e4 c6 2. d4 d5 3. Nc3 g6 4. e5 Bg7 5. Bf4 h5 6. h4 Bf5 7. f3 Nh6 8. Qd2 Nd7
9. O-O-O Nf8 10. g4 hxg4 11. h5 g5 12. Bxg5 Qd7 13. fxg4 Bxg4 14. Bh3 Bxh3 15.
Rxh3 O-O-O 16. Na4 Ne6 17. Be3 b6 18. Kb1 c5 19. b3 cxd4 20. Bxd4 Nxd4 21. Qxd4
Nf5 22. Qf4 e6 23. Nf3 Kb8 24. Nd4 Nxd4 25. Qxd4 Qc7 26. Re1 Rc8 27. Rc3 Qe7 28.
Rxc8+ Rxc8 29. Qf4 Qc7 30. Re2 f6 31. h6 fxe5 32. Qg4 Bh8 33. Qxe6 Qc6 34. Qxc6
Rxc6 35. Rh2 e4 36. Nb2 Rf6 37. Rh1 Kc7 38. Kc1 Kd6 39. Nd1 d4 40. c3 Ke5 41.
Rh5+ Kf4 42. cxd4 Rc6+ 43. Kd2 Bxd4 44. h7 Rc8 45. Rh4+ Kf3 46. Rh3+ Kg4 47. Rh2
Kf3 48. Rh3+ Kg4 49. Rh2 1/2-1/2

[Event "68th ch-RUS HL w 2018"]
[Site "Yaroslavl RUS"]
[Date "2018.07.05"]
[Round "9.20"]
[White "Loskutova, Viktoriya"]
[Black "Faizutdinova, Diana"]
[Result "0-1"]
[WhiteElo "2096"]
[BlackElo "2046"]
[WhiteFideId "34166278"]
[BlackFideId "24143731"]
[EventDate "2018.06.26"]

1. e4 d5 2. exd5 Qxd5 3. Nc3 Qd6 4. d4 Nf6 5. Nf3 g6 6. Ne5 Bg7 7. Be2 O-O 8.
O-O a6 9. Bf4 Nd5 10. Nxd5 Qxd5 11. Bc4 Qd8 12. c3 e6 13. a4 Nd7 14. Nd3 Nb6 15.
Bb3 Nd5 16. Be5 Ne7 17. Qf3 Ra7 18. Bxg7 Kxg7 19. Nf4 b6 20. Rfe1 Nf5 21. Bc2
Qg5 22. Nh3 Qf6 23. Qe2 Nh4 24. f3 Bb7 25. Be4 Rb8 26. Nf2 h5 27. Nd3 a5 28. Ne5
Rc8 29. Bxb7 Rxb7 30. Qe4 Ra7 31. Nc6 Raa8 32. Rad1 Nf5 33. Qe5 Nd6 34. Qg3 Rh8
35. Qf2 h4 36. Re5 Rae8 37. Rde1 Reg8 38. b3 Nf5 39. R5e4 Rh5 40. Ne5 Nd6 41.
Ng4 Qd8 42. Re5 Rgh8 43. d5 exd5 44. Qd4 c5 45. Qxd5 Nf5 46. Qc6 Qd6 47. Qxd6
Nxd6 48. Re7 Rd5 49. Rd7 Rd2 50. Ree7 Rf8 51. h3 c4 52. bxc4 Nxc4 53. Rxd2 Nxd2
54. Rb7 Nc4 55. Nf2 Rd8 56. Ne4 Rd1+ 57. Kf2 Ra1 58. Ng5 Rxa4 59. Rxf7+ Kg8 60.
Rf6 Ra2+ 61. Kg1 a4 62. Rxg6+ Kf8 63. Ne4 a3 64. Rc6 b5 65. Ra6 Rb2 66. Kh2 a2
67. Ra8+ Ke7 68. Ra7+ Kd8 69. Nc5 Ne3 70. Nd3 Rxg2+ 71. Kh1 Rd2 72. Ne1 Rd1 73.
Rxa2 Rxe1+ 74. Kh2 Kc7 75. Ra7+ Kc6 76. Rh7 Re2+ 77. Kh1 Nf5 78. Rf7 Ng3+ 79.
Kg1 Rc2 80. f4 Rxc3 81. f5 Nxf5 82. Rxf5 Rxh3 83. Rh5 b4 84. Kg2 Rg3+ 85. Kf2
Rg4 86. Ke2 b3 87. Kd3 Rg3+ 88. Kc4 h3 89. Rc5+ Kd6 90. Rd5+ Ke6 91. Rd1 h2 92.
Re1+ Kf5 93. Rh1 Rh3 94. Kd4 b2 0-1

[Event "68th ch-RUS HL w 2018"]
[Site "Yaroslavl RUS"]
[Date "2018.07.05"]
[Round "9.21"]
[White "Yakushina, Ekaterina"]
[Black "Alekseeva, Irina"]
[Result "0-1"]
[WhiteElo "1886"]
[BlackElo "2065"]
[WhiteFideId "34166014"]
[BlackFideId "24178683"]
[EventDate "2018.06.26"]

1. d4 Nf6 2. c4 g6 3. Nc3 Bg7 4. e4 d6 5. Be2 O-O 6. Be3 Nc6 7. d5 Ne5 8. h3 c5
9. f4 Ned7 10. Nf3 Nh5 11. Kf2 Qb6 12. Na4 Qc7 13. g4 Nhf6 14. Nc3 a6 15. a4 e6
16. e5 dxe5 17. fxe5 Ne8 18. Bf4 b6 19. Bg3 Bb7 20. Re1 Nxe5 21. d6 Nxd6 22.
Nxe5 Bxe5 23. Bxe5 Ne4+ 24. Nxe4 Qxe5 25. Bf3 f5 26. Ng3 Qf4 27. Re3 fxg4 28.
hxg4 Qxg4 29. Kg2 Rad8 30. Qe2 Bxf3+ 31. Rxf3 Rxf3 32. Qxf3 Rd2+ 0-1

[Event "68th ch-RUS HL w 2018"]
[Site "Yaroslavl RUS"]
[Date "2018.07.05"]
[Round "9.22"]
[White "Mokshanova, Elizaveta"]
[Black "Bulatova, Kamaliya"]
[Result "0-1"]
[WhiteTitle "WFM"]
[BlackTitle "WFM"]
[WhiteElo "2046"]
[BlackElo "2051"]
[WhiteFideId "24160679"]
[BlackFideId "34111546"]
[EventDate "2018.06.26"]

1. e4 e6 2. d4 d5 3. Nd2 Nf6 4. e5 Nfd7 5. Bd3 c5 6. c3 Nc6 7. Ne2 f6 8. Nf4 Qe7
9. Qh5+ Qf7 10. Bg6 hxg6 11. Qxh8 fxe5 12. Nh3 b6 13. Ng5 Qf5 14. O-O Qxg5 15.
Ne4 Qh5 16. Nd6+ Ke7 17. Nxc8+ Rxc8 18. Qxh5 gxh5 19. Bg5+ Nf6 20. dxe5 Nxe5 21.
Rfe1 Nf7 22. Bxf6+ Kxf6 23. f4 Bd6 24. g3 g5 25. fxg5+ Nxg5 26. Re2 Rg8 27. Rf1+
Ke7 28. Kh1 Kd7 29. Rf6 Ne4 30. Rf7+ Be7 31. Rh7 Rg5 32. Kg2 a5 33. a4 Nf6 34.
Rh6 Rg4 35. b3 Rg7 36. Kf1 Rg5 37. Ke1 Rf5 38. Rg6 Rf3 39. Rg7 Rxc3 40. Rf2 Kd6
41. Rb2 Ne4 42. Rh7 Rc1+ 43. Ke2 Bf6 44. Rd2 Nxd2 45. Kxd2 Bg5+ 46. Kd3 Rd1+ 47.
Ke2 Rd2+ 48. Ke1 Rxh2 0-1

[Event "68th ch-RUS HL w 2018"]
[Site "Yaroslavl RUS"]
[Date "2018.07.05"]
[Round "9.23"]
[White "Dimitrova, Aleksandra"]
[Black "Ustich, Ekaterina"]
[Result "1-0"]
[WhiteTitle "WIM"]
[WhiteElo "2220"]
[BlackElo "2028"]
[WhiteFideId "24173371"]
[BlackFideId "24179221"]
[EventDate "2018.06.26"]

1. e4 e5 2. Nf3 Nc6 3. Bb5 a6 4. Ba4 b5 5. Bb3 Na5 6. O-O Nxb3 7. axb3 d6 8. d4
exd4 9. Nxd4 Bd7 10. Qe2 c5 11. Nf3 Be7 12. Rd1 Bc6 13. Bf4 Qc7 14. Nc3 f6 15.
e5 dxe5 16. Nxe5 fxe5 17. Bxe5 Qb7 18. Bxg7 Kf7 19. Bxh8 Bxg2 20. Qh5+ Kf8 21.
Qf5+ Ke8 22. Nd5 Bxd5 23. Rxd5 Qc6 24. Re1 Nh6 25. Qxh7 Ra7 26. Qe4 Nf7 27. Be5
Qh6 28. Bg3 Kf8 29. Qe6 Qh7 30. Rf5 Kg8 31. Re3 Bf8 32. Qd5 Qg6 33. h4 Kg7 34.
h5 Qg4 35. Ref3 1-0